| 000 | 01301cam a2200397Ia 4500 | ||
|---|---|---|---|
| 001 | 45106684 | ||
| 003 | PE-LiUPU | ||
| 005 | 20250731173602.0 | ||
| 008 | 250304b |||||||| |||| 00| 0 spa d | ||
| 020 | _a9781841271668 | ||
| 040 |
_aWTS _cPE-LiUPU _dPE-LiUPU _bspa _erda |
||
| 049 | _aEXNs | ||
| 082 |
_223 _a221.05 _bC186w |
||
| 100 | 1 |
_aCamp, Claudia V., _d1951- |
|
| 245 | 1 | 0 |
_aWise, strange and holy : _bthe strange woman and the making of the Bible / _cClaudia V. Camp. |
| 260 |
_aSheffield, England : _bSheffield Academic Press, _cc2000. |
||
| 300 |
_a372 p. ; _c24 cm. |
||
| 490 | 0 |
_aJournal for the study of the Old Testament. Supplement series ; _v320 |
|
| 504 | _aIncludes bibliographical references (p. [345]-359) and indexes. | ||
| 526 | _aSEG42 | ||
| 526 | _aSEG41 | ||
| 526 | _aSEG40 | ||
| 526 | _aSEG39 | ||
| 526 | _aP94 | ||
| 526 | _aP87 | ||
| 526 | _aP86 | ||
| 526 | _aP85 | ||
| 526 | _aP77 | ||
| 526 | _aP76 | ||
| 526 | _aP35 | ||
| 630 | 0 |
_aBiblia. _pAntiguo Testamento _xCrítica feminista. _95037 |
|
| 630 | 2 | 4 |
_aBiblia. _pProverbios 1-9 _xCrítica, interpretación, etc. _91754 |
| 650 | 2 | 0 |
_aMujeres en la biblia. _92340 |
| 942 |
_2ddc _cBK _n0 |
||
| 980 |
_618226 _aJaime Vilcazán Jefe de Análisis Documental _81 _gALBERTO SANCHEZ Responsable de Automatización |
||
| 999 |
_c62852 _d62851 |
||